Rutes de Turisme industrial : la ruta de la mineria la ruta de la mineria
Descripción Física:
18 p. : il. ; 21 cm
MARC
| LEADER | 00000nam a2200000Ia 4500 | ||
|---|---|---|---|
| 001 | 24560 | ||
| 008 | 160829s9999 xx 000 0 cat d | ||
| 080 | |a FU-67-55 | ||
| 245 | |a Rutes de Turisme industrial : |b la ruta de la mineria | ||
| 260 | |a [Barcelona] : |b Diputació de Barcelona. Oficina de Promoció Turística, DL 2002 | ||
| 300 | |a 18 p. : |b il. ; |c 21 cm | ||
| 650 | |a Turisme industrial |9 49264 | ||
| 650 | |a Mines |x Barcelona (Província) |9 49265 | ||
| 710 | 1 | |a Barcelona (Catalunya : Província). |b Oficina de Promoció Turística |9 51402 | |
| 901 | |a Arxiu | ||
| 942 | |n 1 | ||
| 952 | |0 0 |1 0 |4 0 |6 FU6755 |7 1 |9 55232 |a Arxiu |b Arxiu |d 2016-12-01 |l 0 |o FU-67-55 |p 24560 |r 2016-12-01 00:00:00 |w 2016-12-01 |y ARXIU | ||
| 999 | |c 59104 |d 59104 | ||